| 000 | 00466nam a2200181Ia 4500 | ||
|---|---|---|---|
| 005 | 20240823010047.0 | ||
| 008 | 240823s9999||||xx |||||||||||||| ||und|| | ||
| 041 | _aENGLISH | ||
| 082 | _A658.562 N7 | ||
| 100 | _a"Montgomery,Douglas C" | ||
| 245 | 0 | _aIntroduction to statistical Quality control | |
| 250 | _a3rd | ||
| 260 |
_c1997 _b"John Wiley,New York" |
||
| 500 | _aTRANSFERED | ||
| 650 |
_aManagement _bManagement Studies |
||
| 942 | _cBK | ||
| 999 |
_c157515 _d157515 |
||